Orgány akciovej spoločnosti bakalárska práca

Gespeichert in:
Bibliographische Detailangaben
1. Verfasser: Kolesár, Ján
Format: Buch
Sprache:Slowakisch
Veröffentlicht: Bratislava STU FCHPT 2013
Online-Zugang:Im OPAC anzeigen
Tags: Tag hinzufügen
Keine Tags, Fügen Sie das erste Tag hinzu!

MARC

LEADER 00000nam a2200000 a 4500
005 20260127134349.0
008 131128 2013 000 0 slo d
035 |a vtls010561188 
039 9 |y 201311281055  |z mschk03 
040 |a STUSCHK1  |b slo  |c STUSCHK1  |e AACR2 
100 1 |a Kolesár, Ján 
245 1 |a Orgány akciovej spoločnosti  |b bakalárska práca  |c Ján Kolesár 
260 |a Bratislava  |b STU FCHPT  |c 2013 
300 |a 33 s.  |b il.  |c 30 cm 
500 |a Obhájené: august 2013 
500 |a Štud. program: Automatizácia, informatizácia a manažment v chémii a potravinárstve 
500 |a Štud. odbor: Automatizácia, priemyselné inžinierstvo 
500 |a Škol. pracovisko: Odd. manažmentu chemických a potravinárskzch technológií 
500 |a Evid. číslo: FCHPT-5416-70069 
910 |a SCHK95 
999 |c 10897  |d 10897